banner-ar

دكتور جيكل و مستر هايد? / (Record no. 40381)

MARC details
000 -الفاتح
حقل البيانات ثابتة الطول 00653nam a2200229Ia 4500
008 - عناصر البيانات ثابتة الطول - معلومات عامة
حقل البيانات ثابتة الطول 140319s9999 xx 000 0 ara d
040 ## - مصدر الفهرسة
وكالة الفهرسة الأصلية GCL /
وكالة النسخ GCL
082 04 - رقم تصنيف ديوى العشرى
رقم التصنيف 823.03
رقم المادة س د
100 1# - المدخل الرئيسى - إسم شخصى
الإسم الشخصى حسن محمود (مترجم)
245 10 - بيان العنوان
العنوان دكتور جيكل و مستر هايد? /
بيان المسئوليه,etc حسن محمود (مترجم)
700 1# - المدخل الاضافى - اسم شخصى
الإسم الشخصى ذ
700 1# - المدخل الاضافى - اسم شخصى
الإسم الشخصى ستيفن، روبرت لويس
300 ## - الوصف المادى
التعداد 82 ص
490 ## - بيان السلسلة
عنوان السلسلة الالف كتاب
رقم المجلد/ التعيين التسلسلي 0
650 04 - المدخل الاضافى بالموضوع-مصطلح موضوعى
مصطلح موضوعي قصص البطولات
650 04 - المدخل الاضافى بالموضوع-مصطلح موضوعى
مصطلح موضوعي الادب
650 04 - المدخل الاضافى بالموضوع-مصطلح موضوعى
مصطلح موضوعي الادب الشعبى
650 04 - المدخل الاضافى بالموضوع-مصطلح موضوعى
مصطلح موضوعي القصص
650 04 - المدخل الاضافى بالموضوع-مصطلح موضوعى
مصطلح موضوعي القصص الخرافية
942 ## - عناصر المدخل الإضافي( كوها)
مصدر التصنيف او مخطط الترفيف Dewey Decimal Classification
Koha [default] item type كتاب
Holdings
حالة التراجع حالة الفقد حالة تلف ليس للاعارة المكان المؤقت الموقع الحالى تاريخ الاكتساب اجمالي اﻻعارات رقم الطلب الباركود تاريخ اخر مشاهدة تاريخ تفعيل السعر نوع وعاء كوها
        مكتبة القاهرة الكبرى مكتبة القاهرة الكبرى 03/26/2014   823.03\س د 97883 03/26/2014 03/26/2014 كتاب

Powered By

EGPV